Japanese the manga way : (Record no. 121)

MARC details
000 -LEADER
fixed length control field 01284cam a2200349 a 4500
001 - CONTROL NUMBER
control field 14141906
003 - CONTROL NUMBER IDENTIFIER
control field csc
005 - DATE AND TIME OF LATEST TRANSACTION
control field 20200421093819.0
008 - FIXED-LENGTH DATA ELEMENTS--GENERAL INFORMATION
fixed length control field 051015s2005 caua b 001 0 eng
010 ## - LIBRARY OF CONGRESS CONTROL NUMBER
LC control number 2005296444
015 ## - NATIONAL BIBLIOGRAPHY NUMBER
National bibliography number GBA474011
Source bnb
016 7# - NATIONAL BIBLIOGRAPHIC AGENCY CONTROL NUMBER
Record control number 013013094
Source Uk
020 ## - INTERNATIONAL STANDARD BOOK NUMBER
International Standard Book Number 1880656906 (pbk.)
035 ## - SYSTEM CONTROL NUMBER
System control number (OCoLC)ocm56760217
040 ## - CATALOGING SOURCE
Original cataloging agency UKM
Transcribing agency UKM
Modifying agency C#P
-- OCL
-- EHH
-- BAKER
-- DLC
041 0# - LANGUAGE CODE
Language code of text/sound track or separate title eng
-- jpn
042 ## - AUTHENTICATION CODE
Authentication code lccopycat
050 00 - LIBRARY OF CONGRESS CALL NUMBER
Classification number PL539.3
Item number .L36 2005
082 00 - DEWEY DECIMAL CLASSIFICATION NUMBER
Classification number 495.6/82421
Edition information 22
100 1# - MAIN ENTRY--PERSONAL NAME
Personal name Lammers, Wayne P.,
Dates associated with a name 1951-
9 (RLIN) 138
245 10 - TITLE STATEMENT
Title Japanese the manga way :
Remainder of title an illustrated guide to grammar & structure /
Statement of responsibility, etc. Wayne P. Lammers.
246 14 - VARYING FORM OF TITLE
Title proper/short title Manga de manabu Nihongo bunpō
260 ## - PUBLICATION, DISTRIBUTION, ETC.
Place of publication, distribution, etc. Berkeley, Calif. :
Name of publisher, distributor, etc. Stone Bridge Press,
Date of publication, distribution, etc. c2005.
300 ## - PHYSICAL DESCRIPTION
Extent xxviii, 282 p. :
Other physical details ill. ;
Dimensions 28 cm.
504 ## - BIBLIOGRAPHY, ETC. NOTE
Bibliography, etc. note Includes bibliographical references (p. 274-275) and index.
650 #0 - SUBJECT ADDED ENTRY--TOPICAL TERM
Topical term or geographic name entry element Japanese language
Form subdivision Textbooks for foreign speakers
General subdivision English.
650 #0 - SUBJECT ADDED ENTRY--TOPICAL TERM
Topical term or geographic name entry element Japanese language
General subdivision Grammar.
9 (RLIN) 759
856 42 - ELECTRONIC LOCATION AND ACCESS
Materials specified Publisher description
Uniform Resource Identifier <a href="http://www.loc.gov/catdir/enhancements/fy0627/2005296444-d.html">http://www.loc.gov/catdir/enhancements/fy0627/2005296444-d.html</a>
906 ## - LOCAL DATA ELEMENT F, LDF (RLIN)
a 7
b cbc
c copycat
d 2
e ncip
f 20
g y-gencatlg
942 ## - ADDED ENTRY ELEMENTS (KOHA)
Source of classification or shelving scheme Dewey Decimal Classification
Koha item type Books
Holdings
Withdrawn status Lost status Damaged status Not for loan Collection Home library Current library Shelving location Date acquired Barcode Date last seen Price effective from Koha item type
        Reference Centerville Centerville General stacks 09/04/2014 39999000004854 09/04/2014 09/04/2014 Books
        Reference Centerville Centerville General stacks 09/04/2014 39999000004878 09/04/2014 09/04/2014 Books